MARC details
| 000 -CABECERA |
| campo de control de longitud fija |
01326nam a2200301 a 4500 |
| 001 - NÚMERO DE CONTROL |
| campo de control |
000023233 |
| 005 - FECHA Y HORA DE LA ÚLTIMA TRANSACCIÓN |
| campo de control |
20200930022057.0 |
| 008 - DATOS DE LONGITUD FIJA--INFORMACIÓN GENERAL |
| campo de control de longitud fija |
101130s1966 mx 000 0 spa d |
| 040 ## - FUENTE DE LA CATALOGACIÓN |
| Centro catalogador/agencia de origen |
DO-SdBNP |
| Lengua de catalogación |
spa |
| Centro/agencia transcriptor |
BNPHU |
| 082 ## - NÚMERO DE LA CLASIFICACIÓN DECIMAL DEWEY |
| Número de clasificación |
nn* |
| Número de documento/Ítem |
nn* |
| 049 ## - FONDOS LOCALES (OCLC) |
| Fondos de biblioteca |
BNGR |
| 110 1# - ENTRADA PRINCIPAL--NOMBRE DE ENTIDAD CORPORATIVA |
| Nombre de entidad corporativa o nombre de jurisdicción como elemento de entrada |
Academia de Ciencias de la U.R.S.S. |
| Unidad subordinada |
Instituto de Filosofía |
| 9 (RLIN) |
47841 |
| 240 10 - TÍTULO UNIFORME |
| Título uniforme |
Istoriia filosofii. |
| Lenguaje de la obra |
Español |
| 245 10 - MENCIÓN DE TÍTULO |
| Título |
Historia de la filosofía / |
| Mención de responsabilidad, etc. |
Redacción general M. A. Dynnik, M. T. Iovchuk, B. M. Kedrov, M. B. Mitin y O. V. Trajtenberg ; traducción José Laín, Augusto Vidal Roget y Adolfo Sánchez Vásquez. |
| 260 ## - PUBLICACIÓN, DISTRIBUCIÓN, ETC. |
| Lugar de publicación, distribución, etc. |
México, D. F. : |
| Nombre del editor, distribuidor, etc. |
Grijalbo, |
| Fecha de publicación, distribución, etc. |
1966. |
| 300 ## - DESCRIPCIÓN FÍSICA |
| Extensión |
v. 6 ; |
| Dimensiones |
21 cm. |
| 590 ## - NOTA LOCAL (RLIN) |
| Nota local |
Perteneció a la biblioteca personal de Juan Isidro Jimenes Grullón. |
| 534 ## - NOTA SOBRE LA VERSIÓN ORIGINAL |
| Encabezamiento principal del original |
Título de la obra en ruso : |
| Mención de título del original |
Istoriia filosofii |
| 505 0# - NOTA DE CONTENIDO CON FORMATO |
| Información miscelánea |
T. 6. |
| Título |
Segunda mitad del siglo xix. Desde la revolución socialista de octubre de 1917 hasta nuestros días. La filosofía marxista contemporánea. |
| 500 ## - NOTA GENERAL |
| Nota general |
La biblioteca sólo posee el volumen 6. |
| 700 1# - PUNTO DE ACCESO ADICIONAL--NOMBRE DE PERSONA |
| Nombre de persona |
Trajtenberg, O. V. |
| 9 (RLIN) |
47842 |
| 700 1# - PUNTO DE ACCESO ADICIONAL--NOMBRE DE PERSONA |
| Nombre de persona |
Mitin, M. B. |
| 9 (RLIN) |
47843 |
| 700 1# - PUNTO DE ACCESO ADICIONAL--NOMBRE DE PERSONA |
| Nombre de persona |
Kedrov, B. M. |
| 9 (RLIN) |
47844 |
| 700 1# - PUNTO DE ACCESO ADICIONAL--NOMBRE DE PERSONA |
| Nombre de persona |
Iovchuk, M. T. |
| 9 (RLIN) |
47845 |
| 700 1# - PUNTO DE ACCESO ADICIONAL--NOMBRE DE PERSONA |
| Nombre de persona |
Dynnik, M. A. |
| 9 (RLIN) |
47846 |
| 700 1# - PUNTO DE ACCESO ADICIONAL--NOMBRE DE PERSONA |
| Nombre de persona |
Laín, José, |
| Término indicativo de función/relación |
tr. |
| 9 (RLIN) |
47847 |
| 700 1# - PUNTO DE ACCESO ADICIONAL--NOMBRE DE PERSONA |
| Nombre de persona |
Sánchez Vásquez, Adolfo, |
| Término indicativo de función/relación |
tr. |
| 9 (RLIN) |
47153 |